=LDR 00000nam 2200000 4500 =001 INLIS000000000016572 =005 20130612111841 =008 ***********************************Ind** =035 ##$$0010-061300000016572 =041 ##$$a Ind =082 ##$$a 320 =090 ##$$a 320, Bud d =100 ##$$a Budiarjo, Miriam =245 ##$$a Dasar-dasar ilmu politik, Prof Miriam Budiarjo =260 ##$$a 2001 $b Jakara =300 ##$$a xvi, 247 hlm, 21 cm =650 ##$$a Politik, ilmu =850 ##$$a NBPNMAT